Real or Fake: Japanese Kit Kat Flavours - Statistics

General Stats
  • This quiz has been taken 20,060 times
  • The average score is 11 of 15
Answer Stats
Question Answer % Correct
Matcha Green Tea Real
99%
Wasabi Real
89%
Earwax Fake
88%
Hokkaido Melon and Mascarpone Cheese Real
83%
Fish and Chips Fake
82%
Chestnut Real
81%
Fried Chicken Fake
78%
Fresh Linen Fake
71%
Swedish Meatballs Fake
71%
Miso Soup Real
70%
Soy Sauce Real
67%
Absinthe Fake
58%
Ramen Noodles Fake
53%
Baked Potato Real
51%
Cough Drop Real
23%
No matching quizzes found
Score Distribution
Percent of People with Each Score
Percentile by Number Answered
Your Score History
You have not taken this quiz